00675nam a2200205Ia 4500003000900000008004100009020001800050040001600068080002100084100002000105245013500125250001100260260003200271300002300303490006500326650001400391650002700405650001900432700001800451IN-BaIIA211028s9999 xx 000 0 eng d a0-07-004127-X cIIA Library a(035)621.01bAVA aAvallone, E. A. 0aMarks' standard handbook for mechanical engineerscE. A. Avallone and T. Baumeister  a9th ed aNew YorkbMcGraw-Hillc1987 a[various pagings.] aMcGraw-Hill international Editions Mechanical Engineering Se aHandbooks aMechanical Engineering aNASA Thesaurus aBaumeister, T